000 00785nam a2200229 a 4500
999 _c12102
_d12102
001 12102
003 BD-JhCC
005 20211109134020.0
008 210301b20182020bg a|||| ||a| 001 0 ben d
020 _a9789848018026
035 _a(BD-JhCC)12102
040 _aBD-JhCC
_dBD-JhCC
041 _abengali
082 _a940
_bKHA 2020
100 _aখান, সাহাদত হোসেন
245 _aঅটোমান সাম্রাজ্যের উত্থান /
_cসাহাদত হোসেন খান ।
260 _aঢাকা:
_bআফসার ব্রাদার্স;
_c২০২০.
300 _a664 p. :
_c22 cm.
650 _aTurkey
_xSüleyman I, Sultan of the Turks, 1494 or 1495-1566
_zSultans
942 _2ddc
_cBK
_08